Statistics for Auckland Rapid Transit Network Map

Click here to take the quiz!

General Stats

  • This quiz has been taken 300 times
  • The average score is 49 of 68

Answers on the Map

Answers color-coded by a green-red scale on the quiz's map according to % correct below.
 

Answer Stats

Answer% Correct
Britomart
96%
Newmarket
96%
Mount Eden
92%
Onehunga
92%
Grafton
91%
Parnell
91%
Manukau
90%
Panmure
90%
Papakura
88%
Henderson
87%
Kingsland
87%
Swanson
87%
Ellerslie
86%
Sylvia Park
86%
Devonport
85%
New Lynn
85%
Ōrakei
85%
Ōtāhuhu
84%
Pukekohe
84%
Remuera
84%
Albany
83%
Auckland Airport
83%
Glen Innes
83%
Greenlane
83%
Penrose
83%
Avondale
81%
Puhinui
80%
Mount Albert
79%
Meadowbank
77%
Morningside
76%
Papatoetoe
75%
Botany
74%
Ranui
74%
Smales Farm
74%
Manurewa
73%
Middlemore
73%
Constellation
72%
Glen Eden
72%
Pakuranga
70%
Takaanini
69%
Akoranga
68%
Birkenhead
66%
Half Moon Bay
65%
Sturges Road
65%
Te Papapa
65%
Hibiscus Coast
64%
Sunnynook
63%
Sunnyvale
63%
Homai
62%
Baldwin Avenue
61%
Fruitvale Road
61%
Hobsonville Point
60%
Gulf Harbour
59%
Bayswater
56%
Te Onewa / Northcote Point
56%
Rosedale
55%
Beach Haven
54%
Lower Albert Street
53%
West Harbour
53%
University
51%
Victoria Park
51%
Te Mahia
50%
Pine Harbour
48%
Downtown
47%
Rakino
44%
Matiatia
40%
Kennedy Point
39%
Wynyard Quarter
34%

Score Distribution

Percentile by Number Answered

Percent of People with Each Score

Your Score History

You have not taken this quiz